000 00441nam a2200181Ia 4500
001 23115
005 20260414150916.0
008 260414t2016||||xx |||||||||||||| ||spa||
041 _aESP
082 _a624.1834
_bS743
100 _aShetty, M.S.
_eAUT
245 0 _aConcrete technology :
_btheory and practice
260 _c2016
300 _axxvii, 660 páginas :
_c24 cm.
650 _a0
654 _aCIC
942 _cLIB
_dJUS
_fJUS
_2ddc
_n
999 _c23115
_d23115